Skin Disease Diagnosis and Treatment/ (Record no. 4225)
[ view plain ]
| 000 -LEADER | |
|---|---|
| fixed length control field | 00464nam a22001577a 4500 |
| 005 - DATE AND TIME OF LATEST TRANSACTION | |
| control field | 20250223180237.0 |
| 008 - FIXED-LENGTH DATA ELEMENTS--GENERAL INFORMATION | |
| fixed length control field | 250223b |||||||| |||| 00| 0 eng d |
| 020 ## - INTERNATIONAL STANDARD BOOK NUMBER | |
| International Standard Book Number | 9780323027533 |
| 050 ## - LIBRARY OF CONGRESS CALL NUMBER | |
| Classification number | RL74 |
| Item number | .S57 |
| 245 ## - TITLE STATEMENT | |
| Title | Skin Disease Diagnosis and Treatment/ |
| Statement of responsibility, etc. | Thomas P. Habif...et al., |
| 250 ## - EDITION STATEMENT | |
| Edition statement | 2nd ed. |
| 260 ## - PUBLICATION, DISTRIBUTION, ETC. | |
| Place of publication, distribution, etc. | Philadelphia |
| Name of publisher, distributor, etc. | Elsevier/ Mosby |
| Date of publication, distribution, etc. | 2005 |
| 300 ## - PHYSICAL DESCRIPTION | |
| Extent | ix. 662p. |
| Other physical details | ill. color |
| Dimensions | 23.5cm |
| 700 ## - ADDED ENTRY--PERSONAL NAME | |
| Personal name | Habif, Thomas P. |
| 942 ## - ADDED ENTRY ELEMENTS (KOHA) | |
| Source of classification or shelving scheme | Library of Congress Classification |
| Koha item type | Books |
| Edition | 2nd ed. |
| Suppress in OPAC | No |
| 999 ## - | |
| -- | 4225 |
| -- | 4225 |
| Withdrawn status | Lost status | Source of classification or shelving scheme | Damaged status | Not for loan | Collection | Home library | Current library | Shelving location | Date acquired | Total checkouts | Full call number | Barcode | Date last seen | Copy number | Price effective from | Koha item type |
|---|---|---|---|---|---|---|---|---|---|---|---|---|---|---|---|---|
| Library of Congress Classification | Non-fiction | Science Library (Miotso) | Science Library (Miotso) | General stacks | 02/23/2025 | RL74 .S57 SKI | SLM00003908 | 02/23/2025 | 1 | 02/23/2025 | Books |